| 000 | 00398nam a2200157Ia 4500 | ||
|---|---|---|---|
| 008 | 230711s9999||||xx |||||||||||||| ||und|| | ||
| 041 | _aENG | ||
| 082 |
_a720 _bFL-D |
||
| 100 | _aFlich,Jose | ||
| 245 | 0 | _aDesigning network on chip Architectures in the nanoscale Era | |
| 250 | _a1st Ed. | ||
| 260 |
_c2011 _aNew York _bCRC Press Florida |
||
| 300 | _a490 | ||
| 650 | _aArchitecture | ||
| 942 | _cBK | ||
| 999 |
_c5391 _d5391 |
||